VISION THE JOURNAL OF BUSINESS PERSPECTIVE (Record no. 29893)

MARC details
000 -LEADER
fixed length control field 00262nam a22001217a 4500
003 - CONTROL NUMBER IDENTIFIER
control field SGT
082 ## - DEWEY DECIMAL CLASSIFICATION NUMBER
Item number GHO
100 ## - MAIN ENTRY--PERSONAL NAME
Personal name GHOSH, SAJAL
245 ## - TITLE STATEMENT
Title VISION THE JOURNAL OF BUSINESS PERSPECTIVE
260 ## - PUBLICATION, DISTRIBUTION, ETC. (IMPRINT)
Place of publication, distribution, etc INDIA
Name of publisher, distributor, etc SAGE PUB
Year of Publication 2022
300 ## - PAGE DESCRIPTION
No. of Pages 534
942 ## - ADDED ENTRY ELEMENTS (KOHA)
Source of classification or shelving scheme Dewey Decimal Classification
Koha item type Back Volumes
Holdings
Withdrawn status Lost status Source of classification or shelving scheme Damaged status Not for loan Home library Current library Date acquired Volume Information (Serial or Books or Non-Book Material) SGTU Total Checkouts Full call number Accession No. (Barcode) Date last seen Bill Date Koha item type
    Dewey Decimal Classification   Not For Loan SGT Science & Social Sciences Library SGT Science & Social Sciences Library 20/02/2025 26 SGTU   GHO AP202 20/02/2025 20/02/2025 Back Volumes